| 000 | 00492nam a22001697a 4500 | ||
|---|---|---|---|
| 003 | NUST - PNEC | ||
| 005 | 20170116181010.0 | ||
| 008 | 150913b xxu||||| |||| 00| 0 eng d | ||
| 020 | _a0879422351 | ||
| 040 | _cLIBRARY | ||
| 082 | _a621.38043 DAV | ||
| 100 |
_910151 _aDavenport, Wilbur B. |
||
| 245 |
_aAn introduction to the theory of random signals and noise _cWilbur B. Davenport |
||
| 260 | _cc.1987 | ||
| 650 |
_910155 _aSignal theory (Telecommunication) _xMS COM |
||
| 942 |
_2ddc _cBK |
||
| 999 |
_c67079 _d67079 |
||